| 000 | | | 04240nac2a22002653x 450 |
| 001 | | | 5f0b244e-9cd9-46d1-beaf-0a92d710285c |
| 005 | | | 20190304215011.0 |
| 100 | ## | $a | 20190110l 1919k y0rusy50 ca |
| 101 | 0# | $a | rus |
| 102 | ## | $a | RU |
| 105 | ## | $a | y z |||e| |
| 200 | 1# | $a | Переписка с Войсковой управой Сибирского казачьего войска и Министерством земледелия о предоставлении пунктовым или участковым ветеринарным фельдшерам права взимания % сбора с гуртопромышленного скота и о добавочном к пособию ассигновании кредита на содержание переселенческих ветеринарных пунктов |
| | $j | Февраль - сентябрь 1919 |
| 215 | ## | $a | 24 листа |
| 251 | ## | $c | Дело |
| 300 | ## | $a | Машинописный и рукописный текст |
| 324 | ## | $a | В деле имеются копии отдельных документов |
| 330 | ## | $a | Входит в раздел описи: 1919 г. |
| 461 | #0 | $1 | 0010f0e3429-2e37-4fb4-ace0-6332d350a692 |
| | $1 | 2001 |
| | $a | Министерство внутренних дел Российского правительства. Омск |
| | $1 | 251 |
| | $c | Фонд |
| | $1 | 852 |
| | $j | 1700 |
| | $g | Р |
| 462 | #0 | $1 | 00196992368-87aa-4ec8-94b8-d5a64cfcd599 |
| | $1 | 2001 |
| | $a | Канцелярия министра. 1918-1919 гг. |
| | $v | Д. 66 |
| | $1 | 251 |
| | $c | Опись |
| | $1 | 852 |
| | $j | 7 |
| 601 | 02 | $3 | RU\NLR\AUTH\8810247804 |
| | $a | Временное Сибирское правительство |
| | $b | Министерство внутренних дел |
| 601 | 02 | $3 | RU\NLR\AUTH\889926921 |
| | $a | Временное Сибирское правительство |
| | $b | Министерство земледелия |
| 601 | 02 | $3 | RU\NLR\AUTH\880426413 |
| | $a | Сибирское казачье войско |
| | $b | Войсковая управа |
| 801 | #0 | $a | RU |
| | $b | GA_RF |
| 801 | #1 | $a | RU |
| | $b | ГлавНИВЦ |
| | $c | 20190110 |
| | $2 | rusmarc |
| 801 | #2 | $a | RU |
| | $b | ПБ им. Б.Н. Ельцина |
| | $c | 20190304 |
| | $g | RCR |
| | $2 | rusmarc |
| 852 | ## | $a | ГА РФ |
| | $j | 66 |
| 937 | ## | $d | 126672966 |
| | $h | ПБ |
| 035 | ## | $a | RuPRLIB51055229 |
| 856 | ## | $u | http://readingroom.main.prlib.ru/item.aspx?id_node=n126672966&mode=full |